000 01079nac a22003497a 4500
001 BR7902033
003 BR-BrBNA
005 20240105114414.0
008 230509b bl.|||m| |||| 00| 0 por d
040 _aBR-BrBNA
_bpor
_cBiblioteca Nacional de Agricultura
072 _aE20
090 _aE20 BR7902033
100 1 _aHoffmann, R.
100 1 _aEngler, J.J. de C.
100 1 _aSerrano, O.
100 1 _aThame, A.C. de M.
100 1 _aNeves, E.M.
245 1 _aAdministracao da empresa agricola
_b2. ed.
260 3 _aSao Paulo, SP (Brasil):
_bPioneira,
_c1978.
300 _a325 p.
490 _aBiblioteca Pioneira de Ciencias Sociais. Serie Estudos Agricolas (Brazil)
_v
_x
500 _a41 illus.; 31 tables; Bibliography P. 322-325 (77 ref.)
650 _aPLANEJAMENTO AGRICOLA
650 _aCUSTO DE PRODUCAO
650 _aADMINISTRACAO RURAL
650 _aADMINISTRACAO AGRICOLA
650 _aECONOMIA AGRICOLA
650 _aEMPRESA AGRICOLA
650 _aSAO PAULO
909 _a202312
_bLúcia Elande
_c55
_dLúcia Elande
942 _2AGRIS
_n0
_cMS
999 _c269164
_d269164